[Event "Remote-SM email"]
[Site "Remote email"]
[Date "2013.02.10"]
[Round "?.1"]
[White "Even, Fernando Enrique"]
[Black "Pirs, Matjaz"]
[Result "0-1"]
[WhiteElo "2433"]
[BlackElo "2542"]
[PlyCount "70"]
[EventDate "2013.??.??"]
[EventType "team-match (corr)"]
[EventRounds "2"]
[EventCountry "GER"]
[SourceTitle "Corr 2015"]
[Source "ChessBase"]
[SourceDate "2015.07.17"]
[SourceVersion "1"]
[SourceVersionDate "2015.07.17"]
[SourceQuality "1"]
[WhiteTeam "SchemingMind"]
[BlackTeam "Remote"]

1. e4 c5 2. Nc3 Nc6 3. Nge2 Nf6 4. d4 cxd4 5. Nxd4 e5 6. Ndb5 d6 7. Bg5 a6 8. Na3 b5 9. Bxf6 gxf6 10. Nd5 f5 11. Bd3 Be6 12. 0-0 Bxd5 13. exd5 Ne7 14. Nxb5 Bg7 15. Nc3 e4 16. Bc4 0-0 17. Qd2 Ng6 18. Kh1 Qc7 19. Bb3 Bxc3 20. bxc3 f4 21. Rab1 Rfc8 22. c4 a5 23. a4 Re8 24. Qd4 Re5 25. c3 Qe7 26. Bd1 Re8 27. Rg1 Qg5 28. Rb2 e3 29. fxe3 fxe3 30. Be2 Nf4 31. g3 Nh3 32. Rg2 Rf5 33. Rb1 Rf6 34. Re1 Qf5 35. Rc1 Rb8 0-1